000 00283nam a2200121 a 4500
008 101213s1959|||| d
100 1 _aFischer, Ján
245 1 0 _aDejinu hudby
_n3
260 _bOsvetový ústav
_aBratislava
_c1959
020 _c10
044 _axo
_cSK
041 _aslo
999 _c15178
_d15178